Fundamentals of quality control and improvement (Record no. 612688)

000 -LEADER
fixed length control field 00425nam a22001457a 4500
020 ## - INTERNATIONAL STANDARD BOOK NUMBER
International Standard Book Number 9788178083612
040 ## - CATALOGING SOURCE
Transcribing agency Nust
082 ## - DEWEY DECIMAL CLASSIFICATION NUMBER
Classification number 658.562
Author Mark MIT
100 ## - MAIN ENTRY--PERSONAL NAME
Personal name Amitava Mitra
9 (RLIN) 127615
245 ## - TITLE STATEMENT
Title Fundamentals of quality control and improvement
250 ## - EDITION STATEMENT
Edition statement 2nd edition
260 ## - PUBLICATION, DISTRIBUTION, ETC.
Place of publication, distribution, etc. New Delhi:
Name of publisher, distributor, etc. Pearson education Asia,
Date of publication, distribution, etc. 2001.
650 ## - SUBJECT ADDED ENTRY--TOPICAL TERM
Topical term or geographic name entry element Fundamentals of quality control and improvement
9 (RLIN) 112269
942 ## - ADDED ENTRY ELEMENTS (KOHA)
Source of classification or shelving scheme
Koha item type Book

No items available.

© 2023 Central Library, National University of Sciences and Technology. All Rights Reserved.